Zefektívnenie marketingových aktivít vybranej firmy bakalárska práca

Uložené v:
Podrobná bibliografia
Hlavný autor: Chlepko, Juraj
Korporativný autor: Obchodná fakulta EU. Katedra marketingu
Ďalší autori: Hasprová, Mária, 1970-
Médium: Kniha
Jazyk:Slovak
Vydavateľské údaje: Bratislava 2020
Tagy: Pridať tag
Žiadne tagy, Buďte prvý, kto otaguje tento záznam!

MARC

LEADER 00000nbm a2200000 4500
001 0266613
005 20201006101107.4
041 0 |a slo 
044 |a SK 
245 1 0 |a Zefektívnenie marketingových aktivít vybranej firmy  |b bakalárska práca  |c Juraj Chlepko ; školiteľ: Mária Hasprová 
264 1 |a Bratislava  |c 2020 
300 |a 47 s. 
100 1 |a Chlepko, Juraj 
700 1 |a Hasprová, Mária, 1970- 
710 2 |a Obchodná fakulta EU. Katedra marketingu